| 000 | 00606nam a2200217 a 4500 | ||
|---|---|---|---|
| 001 | 15102 | ||
| 003 | CO-ViMGA | ||
| 008 | 141112s2004 ck r 000 u spa d | ||
| 020 | _a9580216746 | ||
| 040 |
_aCO-ViMGA _bspa _cCO-ViMGA |
||
| 082 | 0 | 4 | _a372.832 P677u - 7 |
| 100 | 1 |
_aPorto de Mejia, Evelia _921956 |
|
| 245 | 1 | 0 |
_aUrbanidad hoy 7 : _bBuenas maneras, etiqueta y autosuperación |
| 260 |
_aBogotá, _cVoluntad, _c2001 |
||
| 300 | _a112.p. | ||
| 505 | _aUrbanidad 7 | ||
| 650 | 1 | 4 | _aeducación CIVICA |
| 650 | 1 | 4 |
_aeducación SECUNDARIA _950238 |
| 650 | 1 | 4 | _aRELACIONES HUMANAS |
| 942 |
_2ddc _cBK |
||
| 999 |
_c25518 _d25518 |
||